| 000 | 00349nam a2200133Ia 4500 | ||
|---|---|---|---|
| 008 | 240624s9999 xx 000 0 und d | ||
| 041 | _aeng | ||
| 082 | _a658.827 KAP | ||
| 100 | _aKAPFERER J N | ||
| 245 | _aKAPFERER ON LUXURY HOW LUXURY BRANDS CAN | ||
| 260 |
_c2015 _aLondon _bKogan Page |
||
| 300 | _aix, : 228 : p. : cm. ; 23 | ||
| 365 |
_cGBP _b30 |
||
| 999 |
_c27392 _d27392 |
||